000 00460nam a2200169Ia 4500
003 GCL
008 140319s9999 xx 000 0 ara d
040 _aGCL /
_cGCL
082 0 4 _a813.03
_bف م
100 1 _aفؤاد حجازى
245 1 0 _aالمعاصرون: رواية /
_cفؤاد حجازى
300 _a75 ص
490 _aادب الجماهير
_v0
650 0 4 _aالادب العربى
650 0 4 _aالقصص العربية
942 _2ddc
_cBK
999 _c46975
_d46975